Les reines du monde par nos premiers écrivains / (Record no. 25366)

MARC details
000 -LEADER
campo de control de longitud fija 01374nam a2200313 i 4500
001 - NÚMERO DE CONTROL
campo de control 25366
003 - IDENTIFICADOR DE NÚMERO DE CONTROL
campo de control ES-MaACL
005 - FECHA Y HORA DE LA ÚLTIMA TRANSACCIÓN
campo de control 20260215141241.0
007 - CAMPO FIJO DE DESCRIPCIÓN FÍSICA--INFORMACIÓN GENERAL
campo de control de longitud fija t|
008 - DATOS DE LONGITUD FIJA--INFORMACIÓN GENERAL
campo de control de longitud fija 021226s1862 fr ||||1| fre d
100 1# - ENTRADA PRINCIPAL--NOMBRE DE PERSONA
Nombre de persona Armengaud, Jean-Germain-Désiré,
Fechas asociadas al nombre 1797-1869
9 (RLIN) 22939
245 14 - MENCIÓN DEL TÍTULO
Título Les reines du monde par nos premiers écrivains /
Mención de responsabilidad, etc. ouvrage publié sous la direction de M. J.-G.-D. Armengaud,...; [textes de Jules Janin, A. de La Fizelière, Arsène Houssaye, et al.].
260 ## - PUBLICACIÓN, DISTRIBUCIÓN, ETC.
Lugar de publicación, distribución, etc. Paris :
Nombre del editor, distribuidor, etc. Lahure et Cie.,
Fecha de publicación, distribución, etc. 1862.
300 ## - DESCRIPCIÓN FÍSICA
Extensión 1 v. (pag. var.) :
Otras características físicas il. ;
Dimensiones 39 cm.
500 ## - NOTA GENERAL
Nota general Grab. xil. intercalados en el texto.
500 ## - NOTA GENERAL
Nota general La mayor parte de los grabados realizados por Pannemaker de los dibujos de De La Charlerie, Flameng, Rambert, A. de Bar, Catenacci.
650 #4 - PUNTO DE ACCESO ADICIONAL DE MATERIA--TÉRMINO DE MATERIA
Término de materia o nombre geográfico como elemento de entrada Celebridades.
9 (RLIN) 139988
700 1# - ENTRADA AGREGADA--NOMBRE PERSONAL
Nombre de persona Janin, Jules Gabriel,
Fechas asociadas al nombre 1804-1874
9 (RLIN) 66026
700 1# - ENTRADA AGREGADA--NOMBRE PERSONAL
Nombre de persona La Fizelière, Albert de,
Fechas asociadas al nombre 1819-1878
9 (RLIN) 162569
700 0# - ENTRADA AGREGADA--NOMBRE PERSONAL
Nombre de persona Houssaye, Arsène.
9 (RLIN) 64354
700 1# - ENTRADA AGREGADA--NOMBRE PERSONAL
Nombre de persona La Charlerie, Hippolyte de,
Fechas asociadas al nombre 1827-1867
9 (RLIN) 162570
700 1# - ENTRADA AGREGADA--NOMBRE PERSONAL
Nombre de persona Flameng, Léopold.
9 (RLIN) 127091
700 1# - ENTRADA AGREGADA--NOMBRE PERSONAL
Nombre de persona Rambert, Charles Désiré (
Fechas asociadas al nombre 1825-18.)
9 (RLIN) 162571
700 1# - ENTRADA AGREGADA--NOMBRE PERSONAL
Nombre de persona Bar, Alexandre de.
9 (RLIN) 157103
700 1# - ENTRADA AGREGADA--NOMBRE PERSONAL
Nombre de persona Catenacci, Hercule (
Fechas asociadas al nombre 1814-1884)
9 (RLIN) 162572
700 1# - ENTRADA AGREGADA--NOMBRE PERSONAL
Nombre de persona Pannemaker, Adolphe François,
Fechas asociadas al nombre 1822-1900
9 (RLIN) 152806
852 ## - LOCALIZACIÓN
Ubicación ES-MaACL
Número de control de estantería C-1062
Holdings
Estatus retirado Estado de pérdida Estado de daño No para préstamo Colección Biblioteca de origen Biblioteca actual Ubicación en estantería Fecha de adquisición Fuente de adquisición Total de préstamos Signatura topográfica completa Código de barras Visto por última vez Precio de reemplazo Tipo de ítem Koha
        Libros del s. XIX Biblioteca del Ateneo de Madrid Biblioteca del Ateneo de Madrid Sala Palomar 17/01/2008     C-1062 1026150 23/02/2023 23/02/2023 Libro impreso antiguo